000 01306nam a2200289 a 4500
001 000015123
005 20250509140829.0
008 100201s2002 dr fr 001 0 spa d
020 _a9993487171
040 _aDO-SdBNP
_bspa
_cBNPHU
082 _a371.334
_bB446v
100 1 _aBello Díaz, Rafael Emilio
_917463
245 1 0 _aVirtualización de la educación /
_cRafael Emilio Bello Díaz ; prólogo José Andrés Aybar Sánchez.
260 _aSanto Domingo :
_bEdiciones Unicaribe,
_c2002.
300 _a225 p. ;
_c22 cm.
500 _aIncluye datos biográficos del autor en la contracubierta
504 _aBibliografía : p. 213 -225
505 0 _gPrólogo /
_rJosé Andrés Aybar Sánchez --
_tVirtualización y educación --
_tLa evolución de la tecnología --
_tComunicación y educación --
_tEducación en la sociedad de la información --
_tEducación virtual --
_tEducación a distancia --
_gBibliografía.
590 _aInventariado, 2018/BT
650 0 _aEducación a distancia
_934220
650 4 _aUniversidad a distancia
_934221
650 4 _aEducación
_xMétodos experimentales
_934222
650 0 _aTecnología educativa
_918772
650 4 _aEducación por internet
_934223
700 1 _aAybar Sánchez, José Andrés,
_epról.
_918786
910 _aValidado. Control de calidad. EMS
999 _c14695
_d14695